[Event "C'Chartres Blitz op April"]
[Site "Europe Echecs INT"]
[Date "2021.04.10"]
[Round "4"]
[White "Briand, Amaury"]
[Black "Le Neindre, Yael"]
[Result "1-0"]
[WhiteElo "2014"]
[BlackElo "1258"]
[PlyCount "79"]
[EventDate "2021.04.10"]
[EventType "swiss (blitz)"]
[EventRounds "11"]
[EventCountry "FRA"]
[SourceTitle "CBM 201 Extra"]
[Source "ChessBase"]
[SourceDate "2021.05.31"]
[SourceVersion "1"]
[SourceVersionDate "2021.05.31"]
[SourceQuality "1"]

1. e4 e5 2. Nf3 Nf6 3. Nxe5 d6 4. Nf3 Nxe4 5. Qe2 Qe7 6. d3 Nf6 7. Nc3 Nc6 8. d4 d5 9. Bg5 Qxe2+ 10. Bxe2 Be7 11. Bxf6 Bxf6 12. Nxd5 Bd8 13. 0-0-0 0-0 14. Rhe1 Be6 15. Nxc7 Bxc7 16. d5 Bxd5 17. Rxd5 Rad8 18. Red1 Rxd5 19. Rxd5 Re8 20. Bb5 Ba5 21. c3 Bb6 22. Nd4 Re1+ 23. Kd2 Rh1 24. Bxc6 bxc6 25. Re5 f6 26. Rh5 Bxd4 27. cxd4 Ra1 28. a3 Rg1 29. g3 g6 30. Ra5 Rg2 31. Ke3 Rxh2 32. Rxa7 Rh1 33. Rc7 Rc1 34. d5 c5 35. b4 c4 36. d6 Rd1 37. d7 c3 38. Rc8+ Kg7 39. d8Q Rxd8 40. Rxd8 1-0

[Event "FRA-ch Blitz Online Qual"]
[Site "Europe Echecs INT"]
[Date "2020.05.16"]
[Round "14"]
[White "Hsu, Victor"]
[Black "Le Neindre, Yael"]
[Result "0-1"]
[WhiteElo "1476"]
[BlackElo "1258"]
[PlyCount "52"]
[EventDate "2020.05.16"]
[EventType "swiss (blitz)"]
[EventRounds "15"]
[EventCountry "FRA"]
[SourceTitle "CBM 196 Extra"]
[Source "ChessBase"]
[SourceDate "2020.07.31"]
[SourceVersion "1"]
[SourceVersionDate "2020.07.31"]
[SourceQuality "1"]

1. Nf3 d5 2. d4 Nf6 3. Bf4 e6 4. e3 Be7 5. c4 c6 6. Nc3 Nbd7 7. c5 b6 8. b4 Bb7 9. Bd3 0-0 10. Qc2 h6 11. h3 Rc8 12. g4 Re8 13. g5 hxg5 14. Bxg5 Bf8 15. Rg1 e5 16. dxe5 Nxe5 17. Nxe5 Rxe5 18. Bxf6 Qxf6 19. Bh7+ Kh8 20. Bd3 Kg8 21. Kd2 Qxf2+ 22. Ne2 Qxe3+ 23. Kc3 bxc5 24. bxc5 Bxc5 25. Qd2 Bb4+ 26. Kxb4 Qxd2+ 0-1

[Event "FRA-ch Blitz Online Qual"]
[Site "Europe Echecs INT"]
[Date "2020.05.16"]
[Round "3"]
[White "Le Neindre, Yael"]
[Black "Bourgeois, Ludovic"]
[Result "1-0"]
[WhiteElo "1258"]
[BlackElo "1748"]
[PlyCount "93"]
[EventDate "2020.05.16"]
[EventType "swiss (blitz)"]
[EventRounds "15"]
[EventCountry "FRA"]
[SourceTitle "CBM 196 Extra"]
[Source "ChessBase"]
[SourceDate "2020.07.31"]
[SourceVersion "1"]
[SourceVersionDate "2020.07.31"]
[SourceQuality "1"]

1. d4 g6 2. c4 Bg7 3. Nc3 c5 4. d5 Bxc3+ 5. bxc3 Qa5 6. Bd2 Nf6 7. e3 d6 8. Bd3 e5 9. e4 Nbd7 10. Nf3 Nb6 11. 0-0 Bd7 12. Re1 Qa6 13. Qb3 Ba4 14. Qb1 Nxc4 15. Bg5 Nh5 16. Qc1 Bd7 17. Nd2 b5 18. Nxc4 bxc4 19. Bf1 0-0 20. Be2 Ng7 21. Bf6 Ne8 22. Be7 f5 23. Bxf8 Kxf8 24. Qh6+ Kg8 25. exf5 Bxf5 26. h4 Nf6 27. Qg5 Rf8 28. g4 Ne4 29. Qe3 Bd7 30. Qxe4 Rf4 31. Qg2 Qa3 32. Rec1 Qb2 33. Re1 Qxc3 34. f3 Qd4+ 35. Kh1 Qxd5 36. h5 g5 37. h6 Bc6 38. Rf1 Qd4 39. Rac1 e4 40. Bxc4+ Kf8 41. Qf2 Rxf3 42. Qxd4 cxd4 43. Rxf3+ exf3 44. Rf1 Ke7 45. Kh2 Kf6 46. Kg3 Ke5 47. Rf2 1-0

[Event "FRA-ch Blitz Online Qual"]
[Site "Europe Echecs INT"]
[Date "2020.05.16"]
[Round "10"]
[White "Remtoula, Naushad"]
[Black "Le Neindre, Yael"]
[Result "0-1"]
[WhiteElo "1126"]
[BlackElo "1258"]
[PlyCount "54"]
[EventDate "2020.05.16"]
[EventType "swiss (blitz)"]
[EventRounds "15"]
[EventCountry "FRA"]
[SourceTitle "CBM 196 Extra"]
[Source "ChessBase"]
[SourceDate "2020.07.31"]
[SourceVersion "1"]
[SourceVersionDate "2020.07.31"]
[SourceQuality "1"]

1. c4 e5 2. g3 Nf6 3. Bg2 Nc6 4. Nc3 Bb4 5. Nd5 Nxd5 6. cxd5 Ne7 7. e4 d6 8. Qa4+ Bd7 9. Qxb4 0-0 10. Qxb7 a5 11. Qb3 Ng6 12. Ne2 Re8 13. Qf3 Qc8 14. 0-0 Bg4 15. Qe3 Qa6 16. f3 Bd7 17. f4 Bb5 18. Rf2 exf4 19. Nxf4 Ne5 20. b3 Ng4 21. Bb2 Nxe3 22. dxe3 f6 23. Ne6 Rac8 24. Rf4 c6 25. Rg4 g6 26. Bxf6 cxd5 27. exd5 Bd7 0-1

[Event "FRA-ch Blitz Online Qual"]
[Site "Europe Echecs INT"]
[Date "2020.05.16"]
[Round "2"]
[White "Villeneuve, Robin"]
[Black "Le Neindre, Yael"]
[Result "1-0"]
[WhiteElo "1662"]
[BlackElo "1258"]
[PlyCount "117"]
[EventDate "2020.05.16"]
[EventType "swiss (blitz)"]
[EventRounds "15"]
[EventCountry "FRA"]
[SourceTitle "CBM 196 Extra"]
[Source "ChessBase"]
[SourceDate "2020.07.31"]
[SourceVersion "1"]
[SourceVersionDate "2020.07.31"]
[SourceQuality "1"]

1. e4 e5 2. Nf3 Nf6 3. Nxe5 d6 4. Nf3 Nxe4 5. d4 d5 6. c3 Nc6 7. Bd3 Be6 8. 0-0 Be7 9. Nbd2 Nf6 10. Re1 0-0 11. Nf1 Re8 12. Ng3 Qd7 13. Be3 Bg4 14. Be2 Ne4 15. Nxe4 dxe4 16. Ne5 Nxe5 17. dxe5 Qxd1 18. Raxd1 Bxe2 19. Rxe2 Bh4 20. Bf4 f6 21. exf6 Bxf6 22. Rde1 Rad8 23. h3 c6 24. Rxe4 Rxe4 25. Rxe4 g5 26. Be3 Rd1+ 27. Kh2 Kf7 28. Kg3 a6 29. Bd4 Bd8 30. Be5 Rd2 31. Rd4 Rxd4 32. Bxd4 Bc7+ 33. Kg4 Kg6 34. g3 b6 35. Be3 h6 36. f4 h5+ 37. Kf3 Kf5 38. fxg5 a5 39. g4+ hxg4+ 40. hxg4+ Kg6 41. Ke4 Bd8 42. Ke5 Kf7 43. Kd6 c5 44. Kc6 Ke6 45. Bf4 Ke7 46. Bc7 Bxc7 47. Kxc7 b5 48. Kc6 b4 49. cxb4 cxb4 50. Kb5 b3 51. axb3 a4 52. bxa4 Kd7 53. a5 Kc7 54. g6 Kb7 55. g7 Ka7 56. g8Q Kb7 57. Qf7+ Kc8 58. Kc6 Kd8 59. Qd7# 1-0

[Event "Europe Echecs online op April"]
[Site "Europe Echecs INT"]
[Date "2020.04.11"]
[Round "3"]
[White "Le Neindre, Yael"]
[Black "Delabarre, Olivier"]
[Result "0-1"]
[WhiteElo "1232"]
[BlackElo "1917"]
[PlyCount "96"]
[EventDate "2020.04.11"]
[EventType "swiss (blitz)"]
[EventRounds "11"]
[EventCountry "FRA"]
[SourceTitle "EXT 2021"]
[Source "ChessBase"]
[SourceDate "2020.10.23"]
[SourceVersion "1"]
[SourceVersionDate "2020.10.23"]
[SourceQuality "1"]

1. d4 Nf6 2. c4 g6 3. Nc3 Bg7 4. Bg5 0-0 5. Nf3 d6 6. e3 Nbd7 7. Bd3 c5 8. 0-0 b6 9. Qc2 Bb7 10. Rfe1 a6 11. Rac1 Qc7 12. Qe2 Rad8 13. e4 cxd4 14. Nxd4 Ne5 15. Bb1 Qxc4 16. Qe3 Neg4 17. Qd2 Nxf2 18. Qxf2 Ng4 19. Qd2 Bxd4+ 20. Kh1 Nf2+ 21. Kg1 Nxe4+ 22. Qxd4 Qxd4+ 23. Be3 Qb4 24. Nxe4 Bxe4 25. Bxe4 Qxe4 26. Bxb6 Qh4 27. Bxd8 Rxd8 28. g3 Qd4+ 29. Kg2 Qxb2+ 30. Kg1 e5 31. Rb1 Qxa2 32. Ra1 Qe6 33. Rxa6 e4 34. Kf2 Qe5 35. Ra4 d5 36. Ra5 Qb2+ 37. Re2 e3+ 38. Kf3 Qc3 39. Raa2 d4 40. Rac2 Qd3 41. Kg2 Qxc2 42. Rxc2 d3 43. Ra2 d2 44. g4 d1Q 45. g5 e2 46. h4 e1Q 47. Rd2 Rxd2+ 48. Kh3 Qf3# 0-1